| 000 | 00000nam##2200000za#4500 |
| 001 | 9.633138 |
| 003 | CaOODSP |
| 005 | 20210624215200 |
| 007 | cr ||||||||||| |
| 008 | 150407|2006||||xxc|||||o f|0| 0 fre|d |
| 020 | |a1-55392-827-X |
| 040 | |aCaOODSP|bfre |
| 043 | |an-cn--- |
| 086 | 1 |aH118-39/1-2006F-PDF |
| 110 | 1 |aCanada. |bInstitut canadien d'information sur la santé. |
| 245 | 10|aIndicateurs pancanadiens de soins de santé primaires, rapport 1, volume 1 |h[ressource électronique] |
| 246 | 3 |aProjet d'élaboration d'indicateurs pancanadiens de soins de santé primaires, rapport 1, volume 1 |
| 260 | |aOttawa - Ontario : |bInstitut canadien d'information sur la santé |c2006. |
| 300 | |a131p.|bréférences, tableaux |
| 500 | |a«Le volume 1 du document «Indicateurs pancanadiens de soins de santé primaires» présente le contexte et l’historique de l’élaboration des 105 indicateurs pancanadiens convenus de soins de santé primaires. L’élaboration des indicateurs de soins de santé primaires fait partie du processus de la Stratégie nationale d’évaluation financé par le Fonds pour l’adaptation des soins de santé primaires de Santé Canada. Le volume 2 présente les caractéristiques détaillées de tous les indicateurs de soins de santé primaires convenus.»--Avant-propos, volume 2. |
| 520 | 3 |aCette série de rapports rend compte des résultats obtenus à la suite d'une initiative conjointe visant à élaborer une liste d'indicateurs de soins de santé primaires convenus partout au Canada. Le volume 1 du rapport 1 fournit le contexte des 105 indicateurs convenus. Le volume 2 du rapport 1 présente les spécifications techniques détaillées se rapportant à chacun de ces 105 indicateurs. Veuillez noter que des spécialistes ont évalué la validité apparente et l'importance des indicateurs mais ces derniers n'ont pas encore été vérifiés dans la pratique. Un rapport complémentaire présente des façons d'améliorer l'infrastructure de collecte de données pancanadiennes. |
| 590 | |a06-33|b2006-08-18 |
| 691 | 07|aIndicateur|2gcpds |
| 691 | 07|aSoins de santé|2gcpds |
| 775 | 08|tPan-Canadian primary health care indicators, report 1, volume 1 |w(CaOODSP)9.688683 |
| 776 | 0#|tIndicateurs pancanadiens de soins de santé primaires, rapport 1, volume 1 |w(CaOODSP)9.683386 |
| 856 | 40|ahttp://publications.gc.ca|qPDF|s1039 Ko|uhttps://publications.gc.ca/collections/Collection/H118-39-1-2006F.pdf |